00761 2200193 4500001002100000005001500021035002000036008004100056245007800097100001800175250000600193260004100199300001200240084001400252082000800266650001000274520027100284990001200555INLIS00000000000107320240522120918 a0010-0524000308240522 1 ind 1 aBorn To Love You " Aku Terlahir Hanya Untuk Mencintaimu " /cDita Safitri aSafitri, Dita a1 aYogyakarta :bMedia Pressindo,c2014 a196 hlm a813 DIT b a813 4aFiksi aNggak lama, Kalila. Kasih waktu aku dua bulan ini. Enam puluh hari dari sekarang. Selama enam puluh hari ini kita bisa melepaskan diri satu sama lain, dan waktu yang akan memberikan jawabannya. Kamu boleh ketemu dan berkencan dengan siapa pun, begitu juga dengan aku a0744051